000
00464nam a2200145Ia 4500
008
100204s9999 xx 000 0 und d
082
_b
13165
100
_a
पाणंदीकर उषा
245
_a
आम्ही लमाण
260
_b
"मेहता पब्लिशिंग हाऊस , पुणे"
_c
1990
300
_a
121
630
_a
आम्ही लमाण
730
_a
आम्ही लमाण
942
_c
BOOK
999
_c
457597
_d
457594